000 00822nam a2200277Ia 4500
003 OSt
005 20220927113827.0
006 a|||||r|||| 00| 0
007 ta
008 220926b |||||||| |||| 00| 0 eng d
024 _a93766
037 _cTextbook
040 _aRTL
_cRTL
_beng
041 _2eng
_aeng
082 _a"Y:(B28), K1/TD1"
100 _aMuller John H etc.
_9386435
245 0 _aStatistical reasoninig in sociology Ed by Ernest Q
250 _a2
260 _aBoston
_bHoughton Mifflin
_c1970
300 _a"xi, 479p"
_ccm.
490 _aEd by John H Muller and Karl E Schuessler
500 _aBIbiliography at the end of each chapter; Appendix P 444-67
650 _aSociometry
942 _h"Y:(B28), K1/TD1"
_cCC
999 _c702496
_d702496